Hellas Verona Squad 2021-2022 - Statistics

General Stats
  • This quiz has been taken 64 times
    45 since last reset
  • The average score is 18 of 33
Answer Stats
# Position Nation Player % Correct
7 MF Czech Republic Antonín Barák
93%
4 MF Portugal Miguel Veloso
93%
99 FW Argentina Giovanni Simeone
87%
96 GK Italy Lorenzo Montipò
87%
10 FW Italy Gianluca Caprari
83%
61 MF Cameroon Adrien Tamèze
80%
14 MF Serbia Ivan Ilić
80%
5 MF Italy Davide Faraoni
77%
8 MF Serbia Darko Lazović
73%
- Coach Croatia Igor Tudor
70%
21 DF Germany Koray Günter
70%
17 DF Italy Federico Ceccherini
67%
78 MF Cameroon Martin Hongla
57%
9 FW Croatia Nikola Kalinić
57%
- Coach Italy Eusebio Di Francesco
53%
27 DF Poland Paweł Dawidowicz
53%
18 FW Italy Matteo Cancellieri
50%
23 DF Italy Giangiacomo Magnani
47%
11 FW Italy Kevin Lasagna
47%
1 GK Croatia Ivor Pandur
43%
16 DF Italy Nicolò Casale
43%
24 MF Italy Daniel Bessa
40%
42 DF Italy Diego Coppola
40%
22 GK Italy Alessandro Berardi
37%
31 DF Croatia Boško Šutalo
33%
29 DF Italy Fabio Depaoli
33%
15 DF Turkey Mert Çetin
33%
45 DF Greece Panagiotis Retsos
33%
20 DF Switzerland Kevin Rüegg
27%
12 GK Italy Mattia Chiesa
23%
88 MF Poland Mateusz Praszelik
17%
30 DF Italy Gianluca Frabotta
13%
32 FW Italy Antonino Ragusa
10%
No matching quizzes found
Score Distribution
Percent of People with Each Score
Percentile by Number Answered
Your Score History
You have not taken this quiz since the last reset